00386nam a2200169Ia 4500003000400000005001700004008004100021020002400062040000700086041000800093082001500101100001600116245004700132260001700179300000800196650001200204OSt20251017101111.0250729s2005 xx 000 0 und d a ‎ 978-1857323924 cAL aeng a574.2 BEVP aBevan James aPictorial handbook of anatomy & physiology aLondonc2005 a96p aBiology